00386nam a2200169Ia 4500003000400000005001700004008004100021020001800062040000700080041000800087082001500095100001500110245002300125260004500148300000900193650001400202OSt20250923151030.0250729s2005 xx 000 0 und d a9788171693092 cAL aeng a374.1 SHAD aSharma B M aDistance education aNew DelhibCommonwealth Publishersc2005 a463p aEducation